000 00654nam a2200205Ia 4500
003 IN-BaIIA
008 211028s9999 xx 000 0 eng d
020 _a0-521-58286-5
040 _cIIA Library
080 _a523.9-337
_bSCH
100 _aSchrijver, C. J.
_923798
245 0 _aSolar and stellar magnetic activity
_cC. J. Schrijver and C. Zwaan
260 _aCambridge
_bCambridge University Press
_c2000
300 _axvi, 384p.
490 _aCambridge Astrophysics Series; 34
650 _aSolar Magnetic Fields
_94454
650 _aStars-Magnetic Feilds
_929860
700 _aC. Zwaan
_929861
942 _cBK
999 _c16138
_d16138